Statistics for Jane the virgin cast

Click here to take the quiz!

General Stats

  • This quiz has been taken 110 times
  • The average score is 14 of 32

Answer Stats

actorcharacter% Correct
Gina rodriguezJane Villenueva
100%
Just BaldoniRafael Solano
99%
Yael GrobglasPetra Solano
97%
Jaime CamilRogelio de la Vega
96%
Ivonne CollAlba Villanueva
95%
Brett DierMichael Cordero
95%
Andrea NavedoXiomara Villanueva
95%
Elias JanssenMateo
82%
Bridget ReganRose
76%
Yara MartinezLuisa Solano
70%
Diane GuerreroLina Santillan
54%
jenna OrtegaYoung Jane
51%
Wes ArmstrongScott
43%
Carlo RotaEmilio Solano
38%
Azie TesfaiNadine Hansan
33%
Anthony MendezNarrator
28%
Mia AllanAnna Solano
27%
Rosario DawsonJane Ramos
27%
Veronica MerrellVictoria
27%
Brooke ShieldsRiver Fields
26%
Ella AllanEllie Solano
23%
Justina MachadoDarci factor
17%
Alano MillerRoman Zazo
17%
Alfonso DiLucaJorge
16%
Keller WorthamEsteban Santiago
10%
Shelly BhallaKrishna
8%
Fabiano UndenioElena Di Nola
6%
Priscilla BarnesMadga
5%
Brian DareLuca
4%
Megan KetchSusanna Barnett
4%
Catherine toribioteen Xiomara
3%
Christoper AllenDennis Chambers
1%

Score Distribution

Percentile by Number Answered

Percent of People with Each Score

Your Score History

You have not taken this quiz